000 00689nam a2200217 a 4500
001 2316621
003 NUST-PNEC
005 20170116180950.0
008 820611s1981 maua b 001 0 eng
010 _a 81067941
020 _a-
040 _cLIBRARY
082 0 0 _a637.7 GIN
100 1 _aGinzton, Edward
_99114
245 1 0 _aMicrowave measurements
_cEdward Ginzton
260 _cc.1957
500 _ahttp://www.amazon.com/Handbook-Microwave-Testing-Thomas-Laverghetta/dp/0890060703/ref=sr_1_1?s=books&ie=UTF8&qid=1413264715&sr=1-1&keywords=0890060703
504 _aIncludes bibliographical references and index.
650 0 _aMicrowave measurements.
_xEL
942 _2ddc
_cBK
999 _c66400
_d66400